000 00316nam a22001457a 4500
008 221011b ||||| |||| 00| 0 eng d
020 _a9780721675237
041 _aeng
080 _a616.073
082 _a616.073
100 _a12
101 _aRADIO
245 _aPRACTICAL RADIATION
_cDOWD S
942 _2udc
_cBK
999 _c58470
_d58470